| 000 | 01693nam0a2200397 i 4500 | ||
|---|---|---|---|
| 001 | RU\NLR\BIBL_A\011335770 | ||
| 005 | 20241103105025.0 | ||
| 010 |
_a9785990846326 _9500 |
||
| 021 |
_aRU _b2017-5868 _9414 |
||
| 035 | _a(NLR Aleph) 011335770 | ||
| 090 |
_a11160537 _c11160537 |
||
| 100 | _a20170301d2017 um y0rusy50 ca | ||
| 101 | 1 |
_arus _aspa _ceng |
|
| 102 | _aRU | ||
| 105 | _aa|||z|||001zy | ||
| 200 | 1 |
_aИспанский язык для чайников _e[включает аудиокурс онлайн!] _fСюзанна Вальд, Сеси Крайнак _g[перевод с английского и редакция А. В. Слепцова] |
|
| 205 | _a2-е изд. | ||
| 210 |
_aМосква [и др.] _cДиалектика _d2017 |
||
| 215 |
_a382 с. _cил., табл. _d24 |
||
| 225 | 1 |
_a...для чайников _eсерия популярных книг от Диалектики |
|
| 300 | _aЗагл. и авт. также на англ. яз.: Spanish for dummies by Susana Wald and Cecie Kraynak | ||
| 316 |
_aАудиокурс отсутствует _5NLR |
||
| 320 | _aПредм. указ.: с. 379-382 | ||
| 510 | 1 |
_6z22790 _aSpanish for dummies _zeng |
|
| 606 |
_aИспанский язык _jУчебные издания _91211111 _3RU\NLR\auth\66491709 |
||
| 686 |
_aШ147.21-925 _2rubbk |
||
| 686 | 1 | _aШ147.21-93рус | |
| 686 | 1 | _aШ147.21-942 | |
| 700 | 1 |
_aВальд _bС. _f1937- _gСюзанна _4070 |
|
| 701 | 1 |
_aКрайнак _bС. _gСеси _4070 |
|
| 790 | 1 |
_6z22 _aWald _bS. _gSusana |
|
| 790 | 1 |
_6z22 _6z22510 _aKraynak _bC. _gCecie |
|
| 942 | _cBOOK | ||
| 980 | _aNBR | ||